000 00587nam a2200193Ia 4500
008 120906t2004 xxu||||| |||| 00| 0 sin d
041 _asin
080 _a8- 31 (American)
_bMEN
100 _aEhrlich,Max
245 _aසිහිනයක රැඳි රහසක්
246 _aSihinayaka Radi Rahasak
260 _aChandana Mendis
_aKotte
_c2004
300 _b303p, 21 cm
500 _aSinhalese Translation of Max Ehrlich's of The Reincarnation of Peter Proud
700 _aMendis,Chandana
_etr.
942 _cBK
999 _c40826
_d40826
003 LK-CoDNM
040 _aLK-CoDNM
_dLK-CoDNM
_eLK-CoDNM